000 00789nmm a2200265 a 4500
003 AR-BaBNM
005 20251128205036.0
008 011101s1981 ||||||||||||||000 | spa||
040 _cAR-BaBNM
100 1 _aBazo, Raúl Horacio
245 1 0 _aInvestigación científica en la escuela
_bferias de ciencias y tecnología
260 _aBuenos Aires
_bPlus Ultra
_c1981
300 0 _a139 p.
_bdiagr., tablas, il.
504 _aBibliografía: p. 139
650 4 _aENSENANZA DE LA CIENCIA
650 4 _aTALLERES ESCOLARES
650 4 _aINVESTIGACION CIENTIFICA
650 4 _aCIENCIA
653 0 _aENSENANZA DE LAS CIENCIAS NATURALES
653 0 _aINNOVACIONES EDUCATIVAS
700 1 _aSantiago, Alberto O.
700 1 _aZarur, Pedro
_eprologuista
942 _cBK
998 _csilvi
999 _c9754
_d9754